Cumhuriyet ya da birey olmak (Record no. 9869)

MARC details
000 -BAŞLIK
Sabit Uzunlukta Kontrol Alanı 00676na a2200241 4500
001 - KONTROL NUMARASI
Denetim Alanı 23713
003 - KONTROL NUMARASI IDENTIFIER
Denetim Alanı MIRAKIL
005 - SON İŞLEM TARİHİ VE ZAMANI
Denetim Alanı 20181213155259.0
008 - SABİT-BOY VERİ ELEMANLARI - GENEL BİLGİLER
Sabit Uzunlukta Kontrol Alanı 171213b tu 000 0
020 ## - ULUSLARARASI STANDART KİTAP NUMARASI
Uluslararası Standart Kitap Numarası 9755330836
040 ## - KATALOGLAMA KAYNAK
Orijinal Kataloglama Ajansı Milas
Kataloglama Dili tur
Metne Dönüştürmek Ajansı TR-AnCHP
041 ## - DİL KODU
Metin / Ses Parça Veya Ayrı Başlığın Dil Kodu tur
082 ## - DEWEY ONLU SINIFLANDIRMA NUMARASI
Sınıflandırma Numarası 320.9561
Ürün Numarası K44c 1994
090 ## - SINIFLAMA NUMARASI
Sınıflama Numarası 320.9561 K44c 1994
100 ## - ANA GİRİŞ - KİŞİSEL İSİM
Kişisel Ad Kılıçbay, Mehmet Ali
245 ## - BAŞLIK TABLOSU
Başlık Cumhuriyet ya da birey olmak
Sorumluluk Tablosu, Vb Mehmet Ali Kılıçbay
260 ## - YAYIN, DAĞITIM, VB
Yayın, Dağıtım, Vb Yeri Ankara
Yayıncı, Dağıtıcı, Vs Adı İmge Kitabevi
Yayın, Dağıtım, Vb Tarihi 1994
Üretici Firma Zirve Ofset
300 ## - FİZİKSEL TANIM
Kapsam 429 s.
Boyutlar 19 sm.
440 ## - SERİSİ TABLOSU / KATMA GİRİŞİ - BAŞLIK
Başlık İmge kitabevi yayınları
Hacim / Ardışık Tanımı 93
650 ## - KONU KATMA GİRİŞ - TOPİKAL DÖNEM
Topikal Süreli Veya Coğrafi Ad Giriş Elemanı Türkiye
Genel Alt Bölümü Tarih
650 ## - KONU KATMA GİRİŞ - TOPİKAL DÖNEM
Topikal Süreli Veya Coğrafi Ad Giriş Elemanı Türkiye
Genel Alt Bölümü Siyaset ve yönetim
942 ## - EKLENDİ GİRİŞ ELEMANLARI (KOHA)
Sınıflandırma Veya Raf Düzeni Kaynak Dewey Decimal Classification
Koha Öğesi Türü Books
999 ## - SİSTEM KONTROL NUMARALARI (KOHA)
Koha Biblionumber 9869
Koha Biblioitemnumber 9869
Holdings
Kalıcı Konum Mevcut Konum Edinme Tarihi Edinim Kaynak Toplam Check-Out'Lar Tam Çağrı Numarası Barkod Tarih Son Görülme İtibaren Geçerli Fiyatlar Koha Öğesi Türü Sigara Kamu Notu
CHP Kütüphanesi CHP Kütüphanesi 12/13/2017 Bağış   320.9561 K44c 1994 017705 12/13/2017 12/13/2017 Books  
Parti Okulu Kütüphanesi Parti Okulu Kütüphanesi 06/28/2021     320.9561 K44c 1994 P00769 06/28/2021 06/28/2021 Books Emin Değer Bağışıdır.